Word Scramble - Countries - Statistics

General Stats
  • This quiz has been taken 134 times
  • The average score is 17 of 20
Answer Stats
Country % Correct
Afghanistan
100%
Albania
100%
Azerbaijan
100%
Belgium
100%
Botswana
100%
Canada
100%
Chad
100%
Chile
100%
China
100%
Egypt
100%
Gabon
100%
Ghana
100%
Greece
100%
Hungary
100%
India
100%
Iraq
100%
Italy
100%
Jamaica
100%
Japan
100%
Jordan
100%
Kenya
100%
Kiribati
100%
Kosovo
100%
Kyrgyzstan
100%
Laos
100%
Latvia
100%
Libya
100%
Luxembourg
100%
Malawi
100%
Monaco
100%
Mongolia
100%
Morocco
100%
Mozambique
100%
Nauru
100%
Nepal
100%
Nicaragua
100%
Oman
100%
Panama
100%
Peru
100%
Russia
100%
Rwanda
100%
Samoa
100%
Seychelles
100%
Slovakia
100%
Spain
100%
Sudan
100%
Sweden
100%
Syria
100%
Taiwan
100%
Tanzania
100%
Tunisia
100%
Vietnam
100%
Mali
92%
Belize
91%
Austria
90%
Burundi
90%
Fiji
90%
Liberia
90%
Montenegro
90%
Poland
90%
Uruguay
90%
Yemen
90%
Zambia
90%
Zimbabwe
90%
Djibouti
89%
Germany
89%
Eritrea
88%
Georgia
88%
Guatemala
88%
Guinea
88%
Guyana
88%
Mauritania
88%
Philippines
88%
Tuvalu
88%
Uzbekistan
88%
Mexico
87%
Armenia
86%
Bulgaria
86%
Haiti
86%
Portugal
86%
Qatar
86%
Tonga
86%
Turkmenistan
86%
Comoros
85%
Togo
85%
Brazil
83%
Brunei
83%
Gambia
83%
Ireland
83%
Lebanon
83%
Malta
83%
Norway
83%
Palau
83%
Tajikistan
83%
Bolivia
82%
Denmark
82%
Ecuador
82%
Bangladesh
80%
Colombia
80%
Grenada
80%
Honduras
80%
Lesotho
80%
Maldives
80%
Pakistan
80%
Paraguay
80%
Turkey
80%
Uganda
80%
Venezuela
80%
Croatia
78%
Ethiopia
78%
Algeria
77%
Argentina
77%
Suriname
77%
Bahrain
75%
Israel
75%
Malaysia
75%
Moldova
75%
Netherlands
75%
Vanuatu
75%
Switzerland
73%
Angola
71%
Cyprus
71%
Estonia
71%
France
71%
Namibia
71%
Singapore
71%
Barbados
70%
Kazakhstan
70%
Kuwait
70%
Madagascar
70%
Benin
67%
Bhutan
67%
Finland
67%
Iran
67%
Myanmar
67%
Romania
67%
Senegal
67%
Slovenia
67%
Somalia
67%
Thailand
67%
Cambodia
63%
Andorra
60%
Bahamas
60%
Iceland
60%
Indonesia
60%
Lithuania
60%
Niger
60%
Cameroon
55%
Guinea-Bissau
55%
Cuba
50%
Serbia
50%
Ukraine
50%
Liechtenstein
43%
Australia
40%
Belarus
33%
Dominica
25%
Eswatini
25%
Mauritius
0%
Nigeria
0%
No matching quizzes found
Score Distribution
Percent of People with Each Score
Percentile by Number Answered
Your Score History
You have not taken this quiz